| 000 | 02075cam a2200505 a 4500 | ||
|---|---|---|---|
| 001 | sjds1104617 | ||
| 003 | sjds | ||
| 005 | 20170616132746.0 | ||
| 008 | 881116t19891989caua j 000 1 eng | ||
| 010 | _a 88038781 | ||
| 020 |
_a089239045X : _c$12.95 |
||
| 020 | _a9780892391417 (pbk.) | ||
| 020 | _a0892391413 (pbk.) | ||
| 035 | _a71993 | ||
| 035 | _a(OCoLC)18833371 | ||
| 035 | _a71993 | ||
| 040 |
_aDLC _cDLC _dIFA _dUtOrBLW |
||
| 041 | 0 |
_aeng _aspa |
|
| 049 | _aIFAC | ||
| 100 | 1 |
_aRohmer, Harriet, _eauthor. |
|
| 245 | 1 | 3 |
_aLa visita del Sr. Azucar = _bMr. Sugar came to town / _cadapted by/adaptado por Harriet Rohmer & Cruz Gomez from a puppet play by/de una olua para titeres por Cruz Gomez [and others] ; illustrations by/ilustraciones por Enrique Chagoya ; version in Spanish/version en espanol, Rosalma Zubizarreta. |
| 246 | 3 | 1 | _a La visita del Sr. Azucar |
| 246 | 3 | 1 | _aMr. Sugar came to town |
| 260 |
_aSan Francisco, Calif. : _bChildren's Book Press, _cc1989 |
||
| 264 | 1 |
_aSan Francisco, Calif. : _bChildren's Book Press, _c[1989] |
|
| 264 | 2 |
_a[New York] : _bDistributed to the book trade by the Talman Co. |
|
| 264 | 4 | _cc1989 | |
| 300 |
_a32 pages : _bcolor illustrations ; _c25 cm |
||
| 336 |
_atext _btxt _2rdacontent |
||
| 337 |
_aunmediated _bn _2rdamedia |
||
| 338 |
_avolume _bnc _2rdacarrier |
||
| 500 | _aEnglish and Spanish. | ||
| 520 | _aSr. Azucar trata de tentarlos a Alicia y Alfredo de las comidas nutricias con varios dulces, pero la abruela Lopez adivina sus intenciones. | ||
| 526 | 0 |
_aAccelerated Reader _bLG _c3.2 _d0.5 _z18324SP |
|
| 650 | 0 |
_aNutrition _vJuvenile fiction. |
|
| 650 | 0 |
_aFood habits _vJuvenile fiction. |
|
| 650 | 7 |
_aNutrición _vNovela juvenil. _2bidex |
|
| 650 | 7 |
_aHábitos alimenticios _vNovela juvenil. _2bidex |
|
| 650 | 7 |
_aMateriales bilingües en español _vLiteratura juvenil. _2bidex |
|
| 650 | 0 |
_aSpanish language materials _xBilingual _vJuvenile literature. |
|
| 700 | 1 | _aGómez, Cruz. | |
| 700 | 1 |
_aChagoya, Enrique, _eillustrator. |
|
| 740 | 0 | _aVisita del Sr. Azucar. | |
| 942 | _cBK | ||
| 999 |
_c17664 _d17664 |
||